| 000 | 00787 a2200253 4500 | ||
|---|---|---|---|
| 005 | 20260316110311.0 | ||
| 020 | _a9781292027456 | ||
| 050 | 0 | 0 |
_aHM1086 _b ENG 2014 |
| 100 | 1 |
_aEngleberg, Isa N. _eauthor |
|
| 245 | 1 | 0 |
_aWorking in groups / _cIsa N. Engleberg and Dianna R. Wynn. |
| 250 | _aSixth edition | ||
| 264 |
_aHarlow : _bPearson, _c2014 |
||
| 300 |
_a328 pages _billustrations |
||
| 336 |
_atext _btxt _2rdacontent |
||
| 337 |
_aunmediated _bn _2rdamedia |
||
| 338 |
_avolume _bnc _2rdacarrier |
||
| 504 | _aIncludes bibliographical references and index. | ||
| 650 | 0 | _aGroup relations training. | |
| 650 | 0 | _aSmall groups. | |
| 650 | 0 | _aCommunication in small groups. | |
| 700 | 1 |
_aEngleberg Isa N _eauthor |
|
| 942 |
_2lcc _cBK _eSixth edition _h1086 _iENG _kHM |
||
| 999 |
_c11717 _d11717 |
||